| 000 | 00000nam 2200000zi 4500 |
| 001 | 9.559354 |
| 003 | CaOODSP |
| 005 | 20210924141647 |
| 007 | cr ||||||||||| |
| 008 | 150406s2005||||xxc|||||o f|0| 0 eng d |
| 020 | |a0662400399 |
| 022 | |a1711-831X |
| 040 | |aCaOODSP|beng |
| 043 | |an-cn--- |
| 086 | 1 |aCS81-595/28-2005E-PDF |
| 100 | 1 |aCoish, David, |eauthor. |
| 245 | 10|aCanadian school libraries and teacher-librarians : |bresults from the 2003/04 Information and Communication Technologies in Schools Survey / |cby David Coish. |
| 246 | 10|aResults from the 2003/04 Information and Communication Technologies in Schools Survey |
| 264 | 1|bStatistics Canada, |c2005. |
| 300 | |a1 online resource (43 pages) : |bgraphs, tables. |
| 336 | |atext|btxt|2rdacontent |
| 337 | |acomputer|bc|2rdamedia |
| 338 | |aonline resource|bcr|2rdacarrier |
| 490 | 1 |aCulture, tourism and the Centre for Education Statistics - research papers, |x1711-831X ; |vNo. 28 |
| 504 | |aIncludes bibliographical references. |
| 590 | |a06-06-Supp|b2006-10-02 |
| 690 | 07|aLibraries|2gcpds |
| 710 | 1 |aCanada.|bStatistics Canada. |bCulture, Tourism and the Centre for Education Statistics, |eissuing body. |
| 775 | 08|tBibliothèques scolaires et enseignants-bibliothécaires au Canada : |w(CaOODSP)9.592127 |
| 830 | #0|aCulture, tourism and the Centre for Education Statistics - research papers,|x1711-831X|vNo. 28|w(CaOODSP)9.504812 |
| 856 | 40|ahttp://publications.gc.ca|qPDF|s316 KB|uhttps://publications.gc.ca/collections/Collection/Statcan/81-595-MIE/81-595-MIE2005028.pdf|yNo. 28 |